000 00622nam a2200193Ia 4500
003 OSt
005 20240715114658.0
008 210210b1975 xxu||||| |||| 00| 0 eng d
040 _cAL
041 _aHindi
082 _aH891.3 MALB
100 _aMALAVIY (Harshdev).
_d मालवीए हरषदेव
_9173516
245 _aBaune ka chunav-yudd aur any shabd chitr.
_bबौने का चुनाव - युद्द और अन्य शब्द चित्र
260 _aN Dilli
_bSanmarg Prakashan
_c1975
300 _a116
690 _aHindi Fiction
_9173517
906 _a032198
942 _2ddc
_cBK
999 _c83255
_d83255